MARC details
| 000 -CABECERA |
| campo de control de longitud fija |
01983nam a2200313 a 4500 |
| 001 - NÚMERO DE CONTROL |
| campo de control |
000045475 |
| 003 - IDENTIFICADOR DEL NÚMERO DE CONTROL |
| campo de control |
DO-SdBNP |
| 005 - FECHA Y HORA DE LA ÚLTIMA TRANSACCIÓN |
| campo de control |
20220309122215.0 |
| 007 - CAMPO FIJO DE DESCRIPCIÓN FÍSICA--INFORMACIÓN GENERAL |
| campo de control de longitud fija |
ta |
| 008 - DATOS DE LONGITUD FIJA--INFORMACIÓN GENERAL |
| campo de control de longitud fija |
150408e2014 dr ad 001 0 spa d |
| 020 ## - NÚMERO INTERNACIONAL ESTÁNDAR DEL LIBRO |
| Número Internacional Estándar del Libro |
9789945580211 |
| 040 ## - FUENTE DE LA CATALOGACIÓN |
| Centro catalogador/agencia de origen |
DO-SdBNP |
| Lengua de catalogación |
spa |
| Centro/agencia transcriptor |
BNPHU |
| 041 ## - CÓDIGO DE LENGUA |
| Código de lengua original |
spa |
| 082 #4 - NÚMERO DE LA CLASIFICACIÓN DECIMAL DEWEY |
| Número de clasificación |
510 |
| Número de documento/Ítem |
U76m |
| Número de edición |
22 |
| 100 1# - ENTRADA PRINCIPAL--NOMBRE DE PERSONA |
| Nombre de persona |
Uribe, Leonidas Rafael |
| 9 (RLIN) |
29230 |
| 245 10 - MENCIÓN DE TÍTULO |
| Título |
Matemática hoy II / |
| Mención de responsabilidad, etc. |
Uribe, Leonidas Rafael. |
| 260 ## - PUBLICACIÓN, DISTRIBUCIÓN, ETC. |
| Lugar de publicación, distribución, etc. |
Santo Domingo : |
| Nombre del editor, distribuidor, etc. |
UAPA, |
| Fecha de publicación, distribución, etc. |
2014. |
| 300 ## - DESCRIPCIÓN FÍSICA |
| Extensión |
xiv, 270 p. : |
| Otras características físicas |
il., ; |
| Dimensiones |
28 cm. |
| 490 1# - MENCIÓN DE SERIE |
| Mención de serie |
Autoaprendizaje |
| 504 ## - NOTA DE BIBLIOGRAFÍA, ETC. |
| Nota de bibliografía, etc. |
Bibliografía : p. 223-224 |
| 505 0# - NOTA DE CONTENIDO CON FORMATO |
| Nota de contenido con formato |
Unidad modular no. 1 -- |
| Título |
Lenguaje de conjuntos -- |
| Información miscelánea |
Unidad modular no. 2 |
| Título |
Introducción a los intervalos y desigualdades -- |
| Información miscelánea |
Tema modular no. 1 |
| Título |
Desiguldades -- |
| Información miscelánea |
Unidad modular no. 3 |
| Título |
Ecuaciones e inecuaciones de primer y segundo grado en una variable -- |
| Información miscelánea |
Tema modular no. 1 |
| Título |
Inecuaciones lineales y de segundo grado -- |
| Información miscelánea |
Unidad modular no. 4 |
| Título |
Ecuaciones e inecuaciones lineales en dos variables -- |
| Información miscelánea |
Unidad modular no. 5 |
| Título |
Sistemas de ecuacuaciones e inecuaciones en dos variables -- |
| Información miscelánea |
Tema modular no. 1 |
| Título |
Sistema de inecuaciones en dos variables -- |
| Información miscelánea |
Unidad modular no. 6 |
| Título |
Vectores, matrices y determinantes -- |
| Información miscelánea |
Tema modular no. 1 |
| Título |
Vectores y su geometría -- |
| Información miscelánea |
Tema modular no. 2 |
| Título |
Matrices y sus generalidades -- |
| Información miscelánea |
Tema modular no. 3 |
| Título |
Determinantes -- |
| Información miscelánea |
Tema modular no. 7 |
| Título |
Relaciones y funciones -- |
| Información miscelánea |
Tema modular no. 1 |
| Título |
Introducción al analisis de funciones -- |
| Información miscelánea |
Tema modular no. 2 |
| Título |
Representación gráfica de funciones de valores reales -- |
| Información miscelánea |
Tema modular no. 3 |
| Título |
Teorema del residuo y teorema del factor -- |
| -- |
Solucionario. |
| 590 ## - NOTA LOCAL (RLIN) |
| Nota local |
Inventariado, 2021 /MF |
| 650 14 - PUNTO DE ACCESO ADICIONAL DE MATERIA--TÉRMINO DE MATERIA |
| Término de materia o nombre geográfico como elemento de entrada |
Matemáticas |
| Subdivisión general |
Libros textos |
| 9 (RLIN) |
81233 |
| 650 14 - PUNTO DE ACCESO ADICIONAL DE MATERIA--TÉRMINO DE MATERIA |
| Término de materia o nombre geográfico como elemento de entrada |
Matemáticas |
| Subdivisión general |
Problemas, ejercicios, etc. |
| 9 (RLIN) |
19473 |
| 710 22 - PUNTO DE ACCESO ADICIONAL--NOMBRE DE ENTIDAD CORPORATIVA |
| Nombre de entidad corporativa o nombre de jurisdicción como elemento de entrada |
Universidad Abierta para Adultos (Santiago de los Caballeros, República Dominicana) |
| 9 (RLIN) |
71401 |
| 830 #0 - PUNTO DE ACCESO ADICIONAL DE SERIE-TÍTULO UNIFORME |
| Título uniforme |
Autoaprendizaje |
| 9 (RLIN) |
1208 |
| 910 ## - DATOS DE OPCIÓN DEL USUARIO (OCLC) |
| Datos de opción del usuario |
Validado, 2022/MFF |
| 942 ## - ELEMENTOS DE PUNTO DE ACCESO ADICIONAL (KOHA) |
| Fuente del sistema de clasificación o colocación |
Dewey Decimal Classification |
| Tipo de ítem Koha |
Libro |